|
|
|
|
| LEADER |
01579nam a2200337 a 4500 |
| 001 |
39911 |
| 003 |
BD-DhAAL |
| 008 |
221030t1992 nyua 001 0 eng d |
| 999 |
|
|
|c 44887
|d 44887
|
| 010 |
|
|
|a 91039094
|
| 020 |
|
|
|a 0486270785 :
|c $8.95
|
| 040 |
|
|
|a DLC
|c DLC
|d DLC
|d BD-DhAAL
|
| 041 |
1 |
|
|a eng
|h rus
|
| 050 |
0 |
0 |
|a QA95
|b .K5613 1992
|
| 082 |
0 |
0 |
|a 793.74
|2 20
|
| 100 |
1 |
|
|a Kordemsky, B. A.
|q (Boris Anastasʹevich),
|d 1907-
|9 52067
|
| 240 |
1 |
0 |
|a Matematicheskai︠a︡ smekalka.
|l English
|
| 245 |
1 |
4 |
|a The Moscow puzzles :
|b 359 mathematical recreations /
|c Boris A. Kordemsky ; edited with an introduction by Martin Gardner ; translated by Albert Parry.
|
| 260 |
|
|
|a New York :
|b Dover Publications,
|c 1992.
|
| 300 |
|
|
|a 309 pages :
|b illustrations ;
|c 21 cm.
|
| 500 |
|
|
|a Translation of: Matematicheskai︠a︡ smekalka.
|
| 500 |
|
|
|a Originally published: New York : C. Scribner's Sons, c1972.
|
| 500 |
|
|
|a Includes index.
|
| 526 |
|
|
|a CSE
|
| 541 |
|
|
|a Karim International
|e 39911, 39912
|
| 650 |
|
0 |
|a Mathematical recreations.
|9 52068
|
| 650 |
|
0 |
|a Mathematics.
|9 52069
|
| 852 |
|
|
|a Ayesha Abed Library
|c General Stacks
|
| 942 |
|
|
|2 ddc
|c BK
|
| 952 |
|
|
|0 0
|1 0
|2 ddc
|4 0
|6 793_740000000000000_KOR
|7 0
|9 72146
|a BRACUL
|b BRACUL
|c GEN
|d 2022-10-20
|e Karim International
|g 1470.00
|l 5
|m 12
|o 793.74 KOR
|p 3010039911
|r 2026-05-07
|s 2026-04-25
|t 1
|v 1470.00
|w 2022-10-20
|y BK
|
| 952 |
|
|
|0 0
|1 0
|2 ddc
|4 0
|6 793_740000000000000_KOR
|7 0
|9 72147
|a BRACUL
|b BRACUL
|c GEN
|d 2022-10-20
|e Karim International
|g 1470.00
|l 5
|m 16
|o 793.74 KOR
|p 3010039912
|q 2026-05-18
|r 2026-04-22
|s 2026-04-22
|t 2
|v 1470.00
|w 2022-10-20
|y BK
|